Trouve les paroles de You Can Blame Me de Jain - Statistiques

Statistiques générales
  • Ce quiz a été pris 6 fois
  • Le résultat moyen est 252 sur 308
Statistiques - réponses
Hint Réponse % Correct
. a
100%
. be
100%
. | .. blame
100%
. | .. can
100%
. i
100%
. I
100%
. | .. me
100%
. who
100%
. | .. you
100%
. | .. You
100%
. about
75%
. After
75%
. again
75%
. all
75%
. All
75%
. are
75%
. at
75%
. can't
75%
. cigarettes
75%
. | .. doubt
75%
. | .. even
75%
. | .. feel
75%
. | .. forget
75%
. hurting
75%
. It's
75%
. just
75%
. like
75%
. long
75%
. Looking
75%
. my
75%
. myself
75%
. | .. no
75%
. on
75%
. one
75%
. responsible
75%
. | .. sad
75%
. | .. so
75%
. | .. sorry
75%
. soul
75%
. stars
75%
. stop
75%
. the
75%
. time
75%
. to
75%
. What
75%
. yell
75%
. your
75%
. You're
75%
. away
50%
. bad
50%
. Because
50%
. began
50%
. body
50%
. cheated
50%
. dark
50%
. felt
50%
. in
50%
. | .. I've
50%
. Last
50%
. late
50%
. looked
50%
. loved
50%
. middle
50%
. much
50%
. need
50%
. Now
50%
. of
50%
. room
50%
. Running
50%
. saw
50%
.. seen
50%
. shaking
50%
. sleep
50%
. smoked
50%
. street
50%
. thinking
50%
. this
50%
. too
50%
. was
50%
. mommy
25%
Aucun quiz correspondant
Distribution des résultats
% des personnes avec chaque résultat
Percentile par nombre de réponses
Votre historique - résultats
Vous n’avez pas pris ce quiz